As memórias do livro / (Record no. 522)

MARC details
000 -LÍDER
campo de controle de tamanho fixo 01520nam a22003134a 4500
001 - NÚMERO DE CONTROLE
campo de controle 522
003 - IDENTIFICADOR DO NÚMERO DE CONTROLE
campo de controle BR-RjBN
005 - DATA E HORÁRIO DA ÚLTIMA TRANSAÇÃO
campo de controle 20260522152455.0
008 - CAMPO DE DADOS FIXOS--INFORMAÇÃO GERAL
campo de controle de tamanho fixo 240403s2024 sp 000 f por d
020 ## - ISBN - INTERNATIONAL STANDARD BOOK NUMBER
ISBN - International Standard Book Number 9788525061003
040 ## - FONTE DA CATALOGAÇÃO
Idioma da catalogação por
041 1# - CÓDIGO DE IDIOMA
Código do idioma do texto/trilha sonora ou título diferente por
Código do idioma do original e/ou traduções intermediárias do texto eng
082 ## - CDD - CLASSIFICAÇÃO DECIMAL DE DEWEY
Número de Classificação 823
Número do exemplar B873m
100 1# - ENTRADA PRINCIPAL--NOME PESSOAL
Nome pessoal Brooks, Geraldine.
240 10 - TÍTULO UNIFORME
Título uniforme People of the Book.
245 13 - TÍTULO
Título As memórias do livro /
Indicação de responsabilidade, etc. Geraldine Brooks.
260 ## - PUBLICAÇÃO, DISTRIBUIÇÃO, ETC.
Local de publicação, distribuição, etc. São Paulo :
Nome do editor, distribuidor, etc. Globo Livros,
Data da publicação, distribuição, etc. 2024.
300 ## - DESCRIÇÃO FÍSICA
Extensão 376 p. ;
500 ## - NOTA GERAL
Nota geral Inspirado em fatos reais.
520 ## - NOTA DE RESUMO, ETC.
Resumo, etc. A especialista australiana em livros raros Hanna Heath é convocada para restaurar e investigar a famosa Hagadá de Sarajevo, manuscrito judaico resgatado durante a guerra da Bósnia. Ao encontrar pequenos vestígios escondidos entre as páginas — como manchas de vinho, cristais de sal e um fio de cabelo —, Hanna começa a reconstruir a trajetória do livro ao longo dos séculos, revelando histórias de exílio, coragem, perseguição e sobrevivência. Paralelamente à investigação histórica, a protagonista enfrenta questões pessoais e revisita os fantasmas de seu passado. Inspirado em uma história real, o romance combina narrativa histórica, mistério e drama contemporâneo.
650 #0 - ASSUNTO--TERMO TÓPICO
Cabeçalho tópico ou nome geográfico Literatura australiana.
9 (RLIN) 219
650 #0 - ASSUNTO--TERMO TÓPICO
Cabeçalho tópico ou nome geográfico Romance histórico.
650 #0 - ASSUNTO--TERMO TÓPICO
Cabeçalho tópico ou nome geográfico Livros raros.
650 #0 - ASSUNTO--TERMO TÓPICO
Cabeçalho tópico ou nome geográfico Guerra da Bósnia.
650 #0 - ASSUNTO--TERMO TÓPICO
Cabeçalho tópico ou nome geográfico Judaísmo.
655 #0 - TERMO DE ÍNDICE--GÊNERO E FORMA
Gênero/forma/ou termo foco Romance.
655 #0 - TERMO DE ÍNDICE--GÊNERO E FORMA
Gênero/forma/ou termo foco Ficção.
942 ## - ELEMENTOS DE ENTRADA ADICIONADOS (KOHA)
Fonte de classificação ou esquema de arquivamento Classificação decimal de Dewey
Ocultar no OPAC Não
Tipo de material Koha Livros
Holdings
Situação do descarte Situação das perdas Fonte de classificação ou esquema de arquivamento Status danificado Não pode ser emprestado Coleção Biblioteca de origem Biblioteca atual Localização na estante Data de aquisição Total de empréstimos Número de chamada completo Código de barras Data de último acesso Data do preço efetivo Tipo de material Koha
    Classificação decimal de Dewey     Ficção Biblioteca Professor Eduardo Afonso de Castro Biblioteca Professor Eduardo Afonso de Castro Literatura Estrangeira 22.05.2026   823 / B873m 2026-17458 22.05.2026 22.05.2026 Livros

Powered by Koha